Manchester Derby Top Goalscorers Ever - Statistics

General Stats
  • This quiz has been taken 300 times
  • The average score is 4 of 11
Answer Stats
Rank Club Nationality Goals Scored Footballer % Correct
1 Manchester City Argentina 11 Sergio Agüero
98%
1 Manchester United England 11 Wayne Rooney
95%
4 Manchester United France 8 Eric Cantona
62%
5 Manchester United England 7 Paul Scholes
57%
3 Manchester United England 9 Bobby Charlton
38%
4 Manchester City England 8 Colin Bell
20%
2 Manchester City England 10 Francis Lee
12%
4 Manchester City and Manchester United England 8 Brian Kidd
8%
5 Manchester United England 7 Dennis Viollet
5%
2 Manchester City England 10 Joe Hayes
1%
4 Manchester United England 8 Joe Spence
1%
No matching quizzes found
Score Distribution
Percent of People with Each Score
Percentile by Number Answered
Your Score History
You have not taken this quiz